Marvel Villains by Hero #1 - Statistics

General Stats
  • This quiz has been taken 277 times
  • The average score is 11 of 13
Answer Stats
Hint Answer % Correct
Thor Loki
96%
Black Panther Killmonger
89%
Captain America Red Skull
89%
X-Men Magneto
86%
Doctor Strange Dormammu
85%
Spiderman Vulture
85%
Hulk Abomination
84%
Fantastic Four Doctor Doom
84%
Iron Man Iron Monger
84%
Ant-Man Yellowjacket
84%
Daredevil Bullseye
72%
Inhumans Maximus the Mad
67%
S.H.I.E.L.D. John Garrett
54%
No matching quizzes found
Score Distribution
Percent of People with Each Score
Percentile by Number Answered
Your Score History
You have not taken this quiz